Saltar ao contenido

Архитектура. Общий курс учебное пособие

В учебном пособии излагаются общие положения проектирования зданий, рассматриваются их типы, основные архитектурно-планировочные и конструктивные элементы, конструктивные системы, основы градостроительства, планировки и застройки городских и сельских поселений. Новизна работы заключается в структурн...

Descrición completa

Gardado en:
Detalles Bibliográficos
Autor Principal: Тишков В.А
Formato: Книга
Темы:
Acceso en liña:https://www.studentlibrary.ru/book/ISBN9785432300768.html
Метки: Engadir etiqueta
Sen Etiquetas, Sexa o primeiro en etiquetar este rexistro!
LEADER 03753nam a2200241 4500
001 book/ISBN9785432300768
005 20250903142001.0
010 |a 978-5-4323-0076-8 
100 |a 20151117c2015 u y0rusy50 ca 
101 | |a rus 
102 |a RU 
105 |a ||||||||000yy 
200 1 |a Архитектура. Общий курс  |e учебное пособие  |f Тишков В.А., Рыскулова М.Н. 
210 1 |a Москва  |c АСВ  |d 2015 
215 |a 124 c. 
330 |a В учебном пособии излагаются общие положения проектирования зданий, рассматриваются их типы, основные архитектурно-планировочные и конструктивные элементы, конструктивные системы, основы градостроительства, планировки и застройки городских и сельских поселений. Новизна работы заключается в структурном характере систематизированного учебного материала, в авторском представлении классификации конструктивных систем и их роли в формировании объёмно-планировочных и архитектурно-композиционных решений зданий и сооружений. Учебный материал отличается компактностью, логичной последовательностью изложения и высоким уровнем научного и методического представления информации. Его содержание и форма подачи соответствуют современному уровню развития техники и технологии в архитектурно-строительной области. Вместе с тем учебное пособие имеет определенную преемственность от имеющейся учебной литературы, что выражается в порядке изложения учебной информации, который соответствует общепринятой последовательности рассмотрения основ проектирования гражданских и промышленных зданий. Учебная работа с данным пособием ориентирована на активную самостоятельную познавательную деятельность обучающихся, каждый раздел содержит контрольные вопросы для самопроверки. Предназначено для студентов архитектурно-строительных вузов, преподавателей, специалистов, занимающихся вопросами начального проектирования. Пособие можно использовать в системе подготовки специалистов строительного профиля, а также в системе переподготовки кадров и дополнительного образования. 
610 0 |a Архитектура. Изобразительное искусство 
610 0 |a Архитектура 
700 1 |a Тишков  |b В.А. 
701 1 |a Рыскулова  |b М.Н. 
801 0 |a RU  |b Geotar  |c 20151117  |g RCR  |2 rusmarc 
801 1 |a RU  |b Geotar  |c 20151117 
856 4 |u https://www.studentlibrary.ru/book/ISBN9785432300768.html